000
00261 a2200109 4500
001
59298
090
_c
36324
_d
36324
100
_a
Wiesel william
245
_a
Spaceflight dynamics, 2/e
250
_a
2
260
_a
ND
_b
Tata McGraw-Hill Pub Company Ltd
_c
2007
942
_a
NUST-CAE
_k
629.411 WIL
999
_c
294371
_d
294371